Riconosci lo Stato - Quiz n°39 - Statistics

Statistiche generali
  • Questo quiz è stato fatto 35 volte
  • Il punteggio medio è 10 su 13
Statistiche sulle risposte
Indizio Risposta % Corretto
Iniziale della Capitale S
93%
Valuta Riyal
90%
Primo ministro 'Abd el-'Azīz bin Habtur / Ahmad Awad bin Mubarak
87%
Superficie 527 970 km²
83%
Indipendenza **** del Nord: 1919 **** del Sud: 1967
83%
Fuso Orario UTC+3
83%
ISU 0,455
80%
Presidente della Repubblica Mahdi al-Mashat / Rashad al-Alimi
80%
Forma di Governo Repubblica presidenziale
80%
Popolazione 29 825 968 ab.
77%
PIL (nominale) 35 381 milioni di $
73%
Tasso di crescita 2,575%
67%
Risposta Yemen
63%
Nessun quiz corrispondente trovato
Distribuzione punteggi
Percentuale di utenti per punteggio
Percentile per numero di risposta
I tuoi punteggi nel tempo
Non hai fatto questo quiz